[Event "BCF-chT3 0405 (4NCL)"]
[Site "Telford"]
[Date "2005.02.26"]
[Round "5.6"]
[White "Cullen, Anthony P"]
[Black "Garner, David"]
[Result "1/2-1/2"]
[WhiteElo "2125"]
[BlackElo "2191"]
[PlyCount "166"]
[EventDate "2004.11.06"]
[EventType "team-tourn"]
[EventRounds "11"]
[EventCountry "ENG"]
[SourceTitle "EXT 2006"]
[Source "ChessBase"]
[SourceDate "2005.11.24"]
[SourceVersion "1"]
[SourceVersionDate "2005.11.24"]
[SourceQuality "1"]
[WhiteTeam "Guildford III"]
[BlackTeam "Cambridge"]
[WhiteTeamCountry "ENG"]
[BlackTeamCountry "ENG"]

1. e4 e6 2. d4 d5 3. e5 c5 4. c3 Nc6 5. Nf3 Bd7 6. Be2 f6 7. exf6 Nxf6 8. 0-0 cxd4 9. cxd4 Bd6 10. Nc3 0-0 11. Bg5 Be8 12. Re1 Qd7 13. Bh4 Bg6 14. Bg3 Bxg3 15. hxg3 Ne4 16. Bd3 Nxc3 17. bxc3 Qf7 18. Qc2 Bxd3 19. Qxd3 h6 20. Rab1 b6 21. Rb2 Rae8 22. Ne5 Nxe5 23. Rxe5 Qd7 24. Rbe2 Rf6 25. c4 dxc4 26. Qxc4 Rc8 27. Qb3 Qxd4 28. Rxe6 Rc1+ 29. Kh2 Kh7 30. Rxf6 Qxf6 31. Re8 Rc6 32. Qg8+ Kg6 33. Re4 h5 34. Qe8+ Kh6 35. f4 Qg6 36. Qe5 Rf6 37. Qd5 Qf7 38. Qg5+ Kh7 39. a4 Rg6 40. Qe5 Rf6 41. Qb8 g6 42. Re8 Qg7 43. Qd8 Rf7 44. Re6 Rf8 45. Qd3 Rf5 46. Qe4 Kh6 47. Re7 Rf7 48. Re5 Qf6 49. Rg5 Re7 50. Qd3 Rc7 51. Qe4 Rd7 52. Qe8 Rd4 53. Rxg6+ Qxg6 54. Qh8+ Qh7 55. Qxd4 Qf7 56. Qe5 Qg6 57. f5 Qg7 58. f6 Qf7 59. Qf5 Qh7 60. Qf4+ Kg6 61. Qe4+ Kh6 62. Qe8 h4 63. gxh4 Qc7+ 64. Kh3 Qc3+ 65. g3 Qxf6 66. Qe3+ Kg7 67. g4 a6 68. h5 b5 69. axb5 Qf1+ 70. Kh4 axb5 71. h6+ Kg8 72. Qe6+ Kh7 73. Qe7+ Kxh6 74. g5+ Kg6 75. Qe6+ Kg7 76. Qe7+ Kg8 77. Qe8+ Kg7 78. Qd7+ Kg8 79. g6 Qf4+ 80. Kh5 Qh2+ 81. Kg5 Qg3+ 82. Kf6 Qf4+ 83. Qf5 Qxf5+ 1/2-1/2

[Event "BCF-chT3 0405 (4NCL)"]
[Site "Telford"]
[Date "2004.11.07"]
[Round "2.4"]
[White "Powell, Lloyd"]
[Black "Garner, David"]
[Result "1-0"]
[WhiteElo "2155"]
[BlackElo "2184"]
[PlyCount "85"]
[EventDate "2004.11.06"]
[EventType "team-tourn"]
[EventRounds "11"]
[EventCountry "ENG"]
[SourceTitle "EXT 2006"]
[Source "ChessBase"]
[SourceDate "2005.11.24"]
[SourceVersion "1"]
[SourceVersionDate "2005.11.24"]
[SourceQuality "1"]
[WhiteTeam "SW Dragons II"]
[BlackTeam "Cambridge"]
[WhiteTeamCountry "ENG"]
[BlackTeamCountry "ENG"]

1. d4 Nf6 2. c4 g6 3. Nc3 Bg7 4. e4 d6 5. Be2 0-0 6. Nf3 e5 7. 0-0 Nc6 8. d5 Ne7 9. Nd2 Ne8 10. b4 f5 11. c5 Kh8 12. a4 c6 13. Nc4 cxd5 14. exd5 Bd7 15. Bb2 e4 16. Qd2 Ng8 17. Nb5 Bxb5 18. Bxg7+ Kxg7 19. axb5 Ngf6 20. Rfd1 Rf7 21. b6 axb6 22. Nxb6 Rxa1 23. Rxa1 Rc7 24. Ra8 Qe7 25. Nc4 Kf7 26. g3 Qd7 27. cxd6 Rxc4 28. Bxc4 Nxd6 29. Bb3 Kg7 30. Qd4 f4 31. Bc4 f3 32. Bf1 Nf5 33. Qc5 Ne7 34. d6 Ned5 35. Qc8 Qxd6 36. Rb8 Kh6 37. Rxb7 e3 38. fxe3 f2+ 39. Kxf2 Ne4+ 40. Kg1 Ng5 41. Qg4 Nf6 42. Qf4 Qc6 43. h4 1-0

[Event "BCF-chT3 0405 (4NCL)"]
[Site "Telford"]
[Date "2004.11.06"]
[Round "1.4"]
[White "Garner, David"]
[Black "Pedersen, Carsten"]
[Result "1-0"]
[WhiteElo "2184"]
[BlackElo "2090"]
[PlyCount "53"]
[EventDate "2004.11.06"]
[EventType "team-tourn"]
[EventRounds "11"]
[EventCountry "ENG"]
[SourceTitle "EXT 2006"]
[Source "ChessBase"]
[SourceDate "2005.11.24"]
[SourceVersion "1"]
[SourceVersionDate "2005.11.24"]
[SourceQuality "1"]
[WhiteTeam "Cambridge"]
[BlackTeam "Athenaeum"]
[WhiteTeamCountry "ENG"]
[BlackTeamCountry "ENG"]

1. e4 e6 2. d4 d5 3. Nd2 c5 4. exd5 Qxd5 5. Ngf3 cxd4 6. Bc4 Qd6 7. 0-0 Nf6 8. Nb3 Nc6 9. Re1 a6 10. Nbxd4 Nxd4 11. Nxd4 Qc7 12. b3 Bd6 13. h3 b5 14. Be2 0-0 15. Bf3 Rb8 16. Bb2 Rb6 17. a4 Bb4 18. c3 Bxc3 19. Bxc3 Qxc3 20. Rc1 Qb2 21. Nc6 Rb7 22. Qd6 Re8 23. Qc5 bxa4 24. Rc2 Qxb3 25. Na5 Qb5 26. Nxb7 Bxb7 27. Qxb5 1-0

[Event "BCF-chT4 0304 (4NCL)"]
[Site "West Bromwich "]
[Date "2004.05.30"]
[Round "8.6"]
[White "Garner, David"]
[Black "Tweedie, Chris"]
[Result "1-0"]
[WhiteElo "2168"]
[BlackElo "2039"]
[PlyCount "49"]
[EventDate "2003.10.??"]
[EventType "team-tourn"]
[EventRounds "11"]
[EventCountry "ENG"]
[SourceTitle "EXT 2005"]
[Source "ChessBase"]
[SourceDate "2004.11.15"]
[SourceVersion "1"]
[SourceVersionDate "2004.11.15"]
[SourceQuality "1"]
[WhiteTeam "Cambridge"]
[BlackTeam "Slough III"]
[WhiteTeamCountry "ENG"]
[BlackTeamCountry "ENG"]

1. e4 e5 2. Nf3 Nc6 3. Bb5 a6 4. Ba4 Nf6 5. 0-0 b5 6. Bb3 Bc5 7. c3 d6 8. d4 Bb6 9. h3 h6 10. Be3 Bb7 11. Nbd2 0-0 12. dxe5 dxe5 13. Bxb6 cxb6 14. Qe2 Qc7 15. Rfd1 Na5 16. Bc2 Nc4 17. Nxc4 bxc4 18. Rd2 Rad8 19. Rad1 Rxd2 20. Rxd2 b5 21. Qe3 Re8 22. Nh4 Qc6 23. Nf5 Kh7 24. Rd6 Qc8 25. Rxf6 1-0